| 000 | 00638nam a2200241 a 4500 | ||
|---|---|---|---|
| 001 | nice12345678 | ||
| 003 | IN_TiNIC | ||
| 005 | 20260116012307.0 | ||
| 008 | 050524s1984 dela grp 000 0 eng | ||
| 020 |
_a _c400 |
||
| 082 | 0 | 0 |
_a294.59203 _bMAN |
| 100 | _aMani, Vettam | ||
| 245 |
_aPuranic Encyclopaedia _b Comprehensive Dictionary With Special Ref.To the Epi |
||
| 260 |
_aDelhi _bMotilal Banarsidass _c1984 |
||
| 300 | _a920p | ||
| 500 | _aincludes index and biblioraphy | ||
| 505 | 2 | _aIndex, Addenda | |
| 650 | _aHinduism-Encyclopaedia | ||
| 700 | 1 | _aMani, Vettam | |
| 902 | _bRHR | ||
| 942 | _cBK | ||
| 999 |
_c6427 _d6427 |
||